Material efficiency (Record no. 120846)
[ view plain ]
| 000 -LEADER | |
|---|---|
| fixed length control field | 01211cad a22002295a 4500 |
| 001 - CONTROL NUMBER | |
| control field | L149714 |
| 008 - FIXED-LENGTH DATA ELEMENTS--GENERAL INFORMATION | |
| fixed length control field | 100414u2010 xxk g 000 0 eng d |
| 020 ## - INTERNATIONAL STANDARD BOOK NUMBER | |
| International Standard Book Number | 9781904818939 |
| 035 ## - SYSTEM CONTROL NUMBER | |
| System control number | (Sirsi) u149714 |
| 041 0# - LANGUAGE CODE | |
| Language code of text/sound track or separate title | eng |
| 050 ## - LIBRARY OF CONGRESS CALL NUMBER | |
| Classification number | 693.5 $2 18 |
| 110 2# - MAIN ENTRY--CORPORATE NAME | |
| Corporate name or jurisdiction name as entry element | Concrete Centre |
| 9 (RLIN) | 5831 |
| 245 00 - TITLE STATEMENT | |
| Title | Material efficiency |
| Remainder of title | optimising performance with low waste design solutions in concrete |
| Medium | [electronic resource] |
| 260 ## - PUBLICATION, DISTRIBUTION, ETC. | |
| Place of publication, distribution, etc. | Camberley |
| Name of publisher, distributor, etc. | MPA |
| Date of publication, distribution, etc. | 2010 |
| 520 ## - SUMMARY, ETC. | |
| Summary, etc. | Concrete is a low waste answer for the construction industry; considers the waste issues of concrete at various stages of its manufacture, design and construction; provides guidance to designers and specifiers for optimising the use of concrete; outline of UK concrete waste initiatives; sustainability; references and online resources. |
| 590 ## - LOCAL NOTE (RLIN) | |
| Local note | KA |
| 651 #4 - SUBJECT ADDED ENTRY--GEOGRAPHIC NAME | |
| Geographic name | United Kingdom |
| Chronological subdivision | |
| 690 ## - LOCAL SUBJECT ADDED ENTRY--TOPICAL TERM (OCLC, RLIN) | |
| Topical term or geographic name as entry element | BUILT ENVIRONMENT-BUILDING MATERIALS-CEMENTITIOUS, CONCRETE AND MINERAL BOUND MATERIALS-CONCRETE |
| 710 2# - ADDED ENTRY--CORPORATE NAME | |
| Corporate name or jurisdiction name as entry element | Mineral Products Association |
| 9 (RLIN) | 5839 |
| 856 40 - ELECTRONIC LOCATION AND ACCESS | |
| Uniform Resource Identifier | <a href="https://www.concretecentre.com/online_services/publication_library/publication_details.aspx?PublicationId=709">https://www.concretecentre.com/online_services/publication_library/publication_details.aspx?PublicationId=709</a> |
| Public note | View the item free of charge at www.concretecentre.com |
| 942 ## - ADDED ENTRY ELEMENTS (KOHA) | |
| Suppress in OPAC | 0 |
| Withdrawn status | Lost status | Source of classification or shelving scheme | Damaged status | Not for loan | Home library | Current library | Shelving location | Date acquired | Total Checkouts | Full call number | Barcode | Date last seen | Copy number | Price effective from | Koha item type |
|---|---|---|---|---|---|---|---|---|---|---|---|---|---|---|---|
| Dewey Decimal Classification | Virtual | Virtual | Online | 14/04/2010 | ONLINE PUBLICATION | 149714-1001 | 06/08/2019 | 1 | 06/08/2019 | Book |